LEADER 01715nam0 22003853i 450 001 VAN00287194 005 20250218104029.735 017 70$2N$a9789811068638 100 $a20250218d2017 |0itac50 ba 101 $aeng 102 $aSG 105 $a|||| ||||| 181 $ai$b e 182 $ab 183 $acr 200 1 $aOptimization and Applicability of Bioprocesses$fHemant J. Purohit ... [et al.] editors 210 $aSingapore$cSpringer$d2017 215 $aXII, 418 p.$cill.$d24 cm 620 $aSG$dSingapore$3VANL000061 676 $a338.927$cTecnologia alternativa. Economia ambientale. Sviluppo sostenibile$v22 676 $a628$cIngegneria ambientale. Sostenibilità dell'ambiente$v22 676 $a579$cMicrobiologia$v22 676 $a610.28$cIngegneria biomedica. Biomateriali$v22 702 1$aPurohit$bHemant J.$3VANV241589 712 $aSpringer $3VANV108073$4650 790 1$aPurohit, H. J.$zPurohit, Hemant J.$3VANV241590 790 1$aPurohit, H.J.$zPurohit, Hemant J.$3VANV241591 801 $aIT$bSOL$c20250725$gRICA 856 4 $uhttps://link.springer.com/openurl?genre=book&isbn=978-981-10-6863-8$zE-book - Accesso al full-text attraverso riconoscimento IP di Ateneo, proxy e/o Shibboleth 899 $aBIBLIOTECA DEL DIPARTIMENTO DI SCIENZE E TECNOLOGIE AMBIENTALI BIOLOGICHE E FARMACEUTICHE$1IT-CE0101$2VAN17 912 $fN 912 $aVAN00287194 950 $aBIBLIOTECA DEL DIPARTIMENTO DI SCIENZE E TECNOLOGIE AMBIENTALI BIOLOGICHE E FARMACEUTICHE$d17CONS e-book 178 $e17BIB178/426 426 20250218 996 $aOptimization and Applicability of Bioprocesses$92065519 997 $aUNICAMPANIA